000 00447cam a2200193ua 4500
020 _c2.19
041 _aeng
_h
082 _a306
_bILY/HO
100 _aIlyin, M .
245 _aHow man became a giant /
_cM Ilyin.
_hTextual Documents
250 _a1 /
_b.
260 _aMoscow :
_bProgress Publishers ,
_c1964.
300 _a238 ; .
365 _a2.19
504 _a
700 1 _aSegal , Y .
942 _cBK
999 _c3550
_d3550